000 00435nam a22001817a 4500
003 MPLRDC
005 20220104162726.0
008 210129b ||||| |||| 00| 0 eng d
020 _a0-86101-163-5
082 _a598.6 GUN-2
100 _aBILL GUNSTON
245 _aFUTURE FIGHTERS
_c
250 _a1ST ED
260 _aENGLAND
_bSALAMANDER BOOKS LTD
_c1984
300 _b160
650 _a军用飞机
942 _cBK
_o598.6 GUN-2
999 _c56108
_d56098